[Event "Mindsports Masters IM A 2nd"]
[Site "London"]
[Date "2023.02.15"]
[Round "1.1"]
[White "Khandelwal, Ankush"]
[Black "Makkar, Rajat"]
[Result "1-0"]
[WhiteElo "2209"]
[BlackElo "2426"]
[PlyCount "119"]
[EventDate "2023.02.15"]
[EventType "tourn"]
[EventRounds "9"]
[EventCountry "ENG"]

1. e4 c5 2. Nf3 Nc6 3. d4 cxd4 4. Nxd4 Nf6 5. Nc3 h5 6. Be2 g6 7. h3 d6 8. O-O
Bg7 9. Be3 O-O 10. Qd2 a6 11. a4 Bd7 12. f4 Rc8 13. Rad1 Qc7 14. Nf3 Rfd8 15.
f5 gxf5 16. Bh6 Bxh6 17. Qxh6 Qb6+ 18. Kh1 Qxb2 19. Rd3 Nb4 20. Rb1 Qxc2 21.
Ne1 Nxd3 22. Nxc2 Nf2+ 23. Kg1 Rxc3 24. Nd4 N2xe4 25. Rxb7 Rg3 26. Bxh5 Rg5 27.
Bf3 Rg6 28. Qh4 e5 29. Rxd7 Rxd7 30. Nxf5 Ng5 31. Bc6 Rc7 32. Kh2 Ne6 33. Qb4
Rg5 34. Qb8+ Kh7 35. Qb1 Kh8 36. Nxd6 e4 37. Bxe4 Nxe4 38. Nxe4 Rg6 39. Qb2+ f6
40. Nxf6 Rf7 41. Ng4+ Rfg7 42. Qb8+ Rg8 43. Qe5+ R8g7 44. Ne3 Ng5 45. h4 Nf7
46. Qe8+ Kh7 47. Qe4 Nd6 48. Qd3 Kh8 49. g4 Re6 50. h5 Nf7 51. Qd4 Ne5 52. Kg3
Rf7 53. Nf5 Rd7 54. Qb2 Rd3+ 55. Kf4 Kh7 56. Qb7+ Rd7 57. Qc8 Rc6 58. Qe8 Nd3+
59. Kg3 Nc5 60. g5 1-0

[Event "Mindsports Masters IM A 2nd"]
[Site "London"]
[Date "2023.02.15"]
[Round "1.2"]
[White "Fitzsimons, David"]
[Black "Willems, Niels"]
[Result "1/2-1/2"]
[WhiteElo "2342"]
[BlackElo "2311"]
[PlyCount "222"]
[EventDate "2023.02.15"]
[EventType "tourn"]
[EventRounds "9"]
[EventCountry "ENG"]

1. e4 c5 2. Nf3 d6 3. d4 cxd4 4. Nxd4 Nf6 5. Nc3 a6 6. a4 e5 7. Nf3 Be6 8. Ng5
Be7 9. Nxe6 fxe6 10. Bc4 Qd7 11. O-O O-O 12. f4 exf4 13. Bxf4 Kh8 14. Qd3 Nc6
15. Rad1 Rad8 16. Qh3 d5 17. e5 Bc5+ 18. Kh1 Ng8 19. Ne4 Bd4 20. Ng5 h6 21. Bd3
Rde8 22. Qh5 Bxe5 23. Bxe5 Nxe5 24. Rxf8 Rxf8 25. Nh7 Rf5 26. Bxf5 exf5 27. Nf8
Qc8 28. Qe2 Ng4 29. Ng6+ Kh7 30. Ne5 Nxe5 31. Qxe5 Qxc2 32. Qxd5 Nf6 33. Qd3
Qc5 34. b4 Qe5 35. Rf1 Kg6 36. Qg3+ Qxg3 37. hxg3 Nd5 38. Rd1 Nxb4 39. Rd6+ Kg5
40. Rb6 Nd3 41. Rxb7 Nc5 42. Rb4 a5 43. Rc4 Nd3 44. Kg1 Nb2 45. Rf4 h5 46. Kf1
Kf6 47. Rh4 g5 48. Rxh5 Kg6 49. Rh8 Nxa4 50. Ra8 Nc3 51. Rxa5 Ne4 52. g4 fxg4
53. Ke2 Kf6 54. Ke3 Ng3 55. Ra4 Kf5 56. Ra8 Ke5 57. Re8+ Kf5 58. Kd4 Nh5 59.
Rf8+ Nf6 60. g3 Ke6 61. Ra8 Nh5 62. Ra6+ Kf5 63. Ra5+ Kf6 64. Ra3 Kf5 65. Rb3
Ke6 66. Ke4 Nf6+ 67. Ke3 Nh5 68. Kf2 Ke5 69. Rb5+ Kf6 70. Rd5 Kg6 71. Rd8 Kf5
72. Rf8+ Kg6 73. Rh8 Nf6 74. Rh1 Ne4+ 75. Kg2 Kf5 76. Rf1+ Ke5 77. Rf8 Ke6 78.
Re8+ Kf5 79. Re7 Nf6 80. Re3 Ne4 81. Kf1 Ke5 82. Ke2 Kd4 83. Ra3 Ke5 84. Rd3
Kf5 85. Re3 Nf6 86. Kd2 Nd5 87. Re8 Nf6 88. Rf8 Ke5 89. Kd3 Nh5 90. Re8+ Kf6
91. Re3 Kf5 92. Kd4 Kf6 93. Ke4 Ke6 94. Ra3 Nf6+ 95. Kd4 Nh5 96. Ra6+ Kf5 97.
Ra5+ Kf6 98. Ra3 Ke6 99. Rb3 Kf5 100. Re3 Ng7 101. Re1 Nh5 102. Rg1 Ke6 103.
Ke4 Nf6+ 104. Ke3 Nh5 105. Kf2 Nf6 106. Ke2 Nh5 107. Ke3 Ke5 108. Kd3 Kf5 109.
Kd4 Ke6 110. Ke4 Nf6+ 111. Kd3 Nh5 1/2-1/2

[Event "Mindsports Masters IM A 2nd"]
[Site "London"]
[Date "2023.02.15"]
[Round "1.3"]
[White "Onslow, Alfie"]
[Black "Stoica, Savas Marin"]
[Result "1-0"]
[WhiteElo "2171"]
[BlackElo "2151"]
[PlyCount "93"]
[EventDate "2023.02.15"]
[EventType "tourn"]
[EventRounds "9"]
[EventCountry "ENG"]

1. e4 c5 2. Nf3 Nc6 3. Bb5 g6 4. Bxc6 bxc6 5. d4 Bg7 6. dxc5 Qa5+ 7. Nbd2 Ba6
8. Rb1 Qxc5 9. c4 Nh6 10. O-O O-O 11. b4 Qb6 12. Qb3 Rab8 13. h3 d6 14. Re1 Qc7
15. Bb2 f6 16. c5+ Nf7 17. Nd4 Bc8 18. Rbc1 Bd7 19. a3 a5 20. Qc4 axb4 21. axb4
Kh8 22. N2f3 Ne5 23. Nxe5 fxe5 24. Nf3 Bh6 25. Rc3 Rf6 26. Rd3 Be6 27. Qc3 Bg7
28. Red1 Bg8 29. Qd2 Rxf3 30. Rxf3 d5 31. exd5 cxd5 32. Ra1 d4 33. Rfa3 Qb7 34.
Ra7 Qxb4 35. Qxb4 Rxb4 36. Ba3 Rb8 37. c6 d3 38. c7 Rc8 39. Bb4 Bd5 40. Rb1 e4
41. Bd2 Be5 42. Rb8 Rxb8 43. cxb8=Q+ Bxb8 44. Rxe7 Bc6 45. Re6 Bd7 46. Rxe4 Kg7
47. Re7+ 1-0

[Event "Mindsports Masters IM A 2nd"]
[Site "London"]
[Date "2023.02.15"]
[Round "1.4"]
[White "Wadsworth, Matthew J"]
[Black "Johnson, Daniel"]
[Result "1-0"]
[WhiteElo "2469"]
[BlackElo "2189"]
[PlyCount "69"]
[EventDate "2023.02.15"]
[EventType "tourn"]
[EventRounds "9"]
[EventCountry "ENG"]

1. Nf3 d5 2. g3 g6 3. Bg2 Bg7 4. d4 Nf6 5. O-O c6 6. c4 dxc4 7. a4 Ne4 8. Qc2
Nd6 9. e4 Bg4 10. Rd1 Qc8 11. Na3 O-O 12. Nxc4 Nxc4 13. Qxc4 e5 14. Be3 Nd7 15.
h3 Bxf3 16. Bxf3 exd4 17. Bxd4 Ne5 18. Bxe5 Bxe5 19. Bg4 Qe8 20. Qb4 h5 21. Bd7
Qb8 22. Ra3 Qc7 23. Rb3 Rab8 24. f4 Bg7 25. e5 Rfd8 26. Rbd3 b5 27. Qe4 Kh7 28.
a5 b4 29. g4 hxg4 30. hxg4 Qxa5 31. e6 fxe6 32. Qh1+ Kg8 33. Bxe6+ Kf8 34. Qh7
Qc5+ 35. Kh1 1-0

[Event "Mindsports Masters IM A 2nd"]
[Site "London"]
[Date "2023.02.15"]
[Round "1.5"]
[White "Willow, Jonah B"]
[Black "Derakhshani, Borna"]
[Result "1/2-1/2"]
[WhiteElo "2437"]
[BlackElo "2380"]
[PlyCount "80"]
[EventDate "2023.02.15"]
[EventType "tourn"]
[EventRounds "9"]
[EventCountry "ENG"]

1. e4 c5 2. Nf3 d6 3. d4 cxd4 4. Nxd4 Nf6 5. Nc3 a6 6. Bg5 e6 7. f4 Qb6 8. Qd2
Qxb2 9. Rb1 Qa3 10. f5 Nc6 11. fxe6 fxe6 12. Nxc6 bxc6 13. Be2 Be7 14. O-O O-O
15. Rb3 Qc5+ 16. Be3 Qe5 17. Bf4 Qc5+ 18. Kh1 Ng4 19. h3 e5 20. Na4 Qa7 21.
Bc4+ Kh8 22. hxg4 exf4 23. Nb6 d5 24. exd5 cxd5 25. Bxd5 Rb8 26. Nxc8 Rbxc8 27.
Rh3 Qb6 28. Qd3 h6 29. Re1 Bg5 30. Re6 Qf2 31. Re2 Qf1+ 32. Kh2 Rc3 33. Re8
Rxd3 34. Rxf8+ Kh7 35. Be4+ g6 36. Bxd3 Qe1 37. Bc4 Bh4 38. Rf7+ Kh8 39. Rf8+
Kg7 40. Rf7+ Kh8 1/2-1/2

[Event "Mindsports Masters IM A 2nd"]
[Site "London"]
[Date "2023.02.16"]
[Round "2.1"]
[White "Makkar, Rajat"]
[Black "Derakhshani, Borna"]
[Result "1-0"]
[WhiteElo "2426"]
[BlackElo "2380"]
[PlyCount "139"]
[EventDate "2023.02.15"]
[EventType "tourn"]
[EventRounds "9"]
[EventCountry "ENG"]

1. d4 d5 2. c4 c6 3. Nc3 dxc4 4. e3 b5 5. a4 b4 6. Ne4 Qd5 7. Nd2 c3 8. bxc3
bxc3 9. Nb1 Qa5 10. Qc2 e6 11. Ba3 Bb4 12. Nf3 Nf6 13. Bd3 Ba6 14. O-O Bxd3 15.
Qxd3 Qxa4 16. Qc4 c2 17. Nc3 Qxa3 18. Rxa3 Bxa3 19. Qb3 c1=Q 20. Rxc1 Bxc1 21.
Qb7 O-O 22. Qxa8 a6 23. Qb7 Ba3 24. Ne5 c5 25. Nxf7 cxd4 26. exd4 Rxf7 27.
Qxb8+ Bf8 28. Qb6 Nd5 29. Nxd5 exd5 30. Qe6 a5 31. Qxd5 a4 32. g4 a3 33. g5 g6
34. h4 h5 35. Qe6 Kg7 36. d5 Bc5 37. d6 Bxf2+ 38. Kg2 Bxh4 39. Qe5+ Kh7 40. Kh3
Bf2 41. Qe6 Kg7 42. d7 Bb6 43. Qxb6 Rxd7 44. Qf6+ Kh7 45. Qf8 Rg7 46. Qf2 Rb7
47. Kg3 Kg8 48. Qf6 Kh7 49. Qf8 Rg7 50. Kf4 a2 51. Qa3 Rf7+ 52. Ke5 Rf5+ 53.
Ke6 Rxg5 54. Qa7+ Kh6 55. Kf7 Rf5+ 56. Kg8 h4 57. Qxa2 h3 58. Qb3 h2 59. Qh3+
Rh5 60. Qe3+ Rg5 61. Qe1 Kh5 62. Qh1 Kg4 63. Qxh2 Kf3 64. Kf7 Rg2 65. Qd6 g5
66. Kf6 Kg4 67. Qc6 Rf2+ 68. Kg6 Kh4 69. Qh1+ Kg4 70. Qe4+ 1-0

[Event "Mindsports Masters IM A 2nd"]
[Site "London"]
[Date "2023.02.16"]
[Round "2.2"]
[White "Johnson, Daniel"]
[Black "Willow, Jonah B"]
[Result "0-1"]
[WhiteElo "2189"]
[BlackElo "2437"]
[PlyCount "96"]
[EventDate "2023.02.15"]
[EventType "tourn"]
[EventRounds "9"]
[EventCountry "ENG"]

1. d4 Nf6 2. c4 e6 3. Nc3 Bb4 4. Qc2 d5 5. a3 Bxc3+ 6. Qxc3 c5 7. e3 cxd4 8.
exd4 Nc6 9. Nf3 Ne4 10. Qc2 Qa5+ 11. Bd2 Nxd2 12. Qxd2 Qxd2+ 13. Kxd2 Na5 14.
Kc3 dxc4 15. Bxc4 Bd7 16. Ba2 Rc8+ 17. Kd2 Bc6 18. Rac1 O-O 19. Rc3 Bxf3 20.
Rxf3 Rfd8 21. Rd3 b5 22. Rc1 Nc4+ 23. Bxc4 bxc4 24. Rdc3 Rxd4+ 25. Ke3 Rcd8 26.
R1c2 Rd3+ 27. Rxd3 Rxd3+ 28. Ke2 Rb3 29. Ke1 g5 30. Rxc4 Rxb2 31. Rc7 Rb1+ 32.
Ke2 a6 33. Rc6 g4 34. Rc4 h5 35. Rc5 f5 36. Rc6 Kf7 37. Rxa6 Rh1 38. a4 Rxh2
39. g3 h4 40. Kf1 h3 41. Kg1 Rg2+ 42. Kf1 f4 43. Ra7+ Kg6 44. gxf4 g3 45. fxg3
Rxg3 46. f5+ exf5 47. Ra8 h2 48. Rg8+ Kf6 0-1

[Event "Mindsports Masters IM A 2nd"]
[Site "London"]
[Date "2023.02.16"]
[Round "2.3"]
[White "Stoica, Savas Marin"]
[Black "Wadsworth, Matthew J"]
[Result "1/2-1/2"]
[WhiteElo "2151"]
[BlackElo "2469"]
[PlyCount "118"]
[EventDate "2023.02.15"]
[EventType "tourn"]
[EventRounds "9"]
[EventCountry "ENG"]

1. d4 d5 2. c4 c6 3. Nf3 Nf6 4. g3 Bf5 5. Nc3 e6 6. Nh4 dxc4 7. Nxf5 exf5 8. e3
Nbd7 9. Bxc4 Nb6 10. Bb3 Be7 11. Bd2 O-O 12. Qe2 Qd7 13. O-O Rfe8 14. Rad1 Rad8
15. Bc1 Bf8 16. f3 Nbd5 17. Qf2 g6 18. Rfe1 Bg7 19. Kh1 b5 20. Bc2 Nxc3 21.
bxc3 Nd5 22. Bd2 Nc7 23. Bc1 c5 24. Ba3 cxd4 25. cxd4 a5 26. Bb2 b4 27. e4 fxe4
28. fxe4 a4 29. Ba1 Rb8 30. Bd3 Nb5 31. e5 Nc3 32. Bxc3 bxc3 33. Qf3 Rb4 34.
Bc2 Rxd4 35. Qxc3 Rxe5 36. Rxd4 Rxe1+ 37. Qxe1 Bxd4 38. Qe4 Kg7 39. Kg2 h5 40.
Bd3 Bf6 41. Bc4 Qd2+ 42. Qe2 Qd4 43. Qd3 Qb2+ 44. Qe2 a3 45. Bd3 Qb7+ 46. Qe4
Qb6 47. Bc4 Qb2+ 48. Qe2 Bd4 49. Bd3 Qa1 50. Bc4 Qg1+ 51. Kh3 Qc1 52. Qf1 Qxf1+
53. Bxf1 f5 54. Kg2 g5 55. h3 Kf6 56. Bd3 Be3 57. Be2 Kg6 58. g4 fxg4 59. hxg4
h4 1/2-1/2

[Event "Mindsports Masters IM A 2nd"]
[Site "London"]
[Date "2023.02.16"]
[Round "2.4"]
[White "Willems, Niels"]
[Black "Onslow, Alfie"]
[Result "0-1"]
[WhiteElo "2311"]
[BlackElo "2171"]
[PlyCount "114"]
[EventDate "2023.02.15"]
[EventType "tourn"]
[EventRounds "9"]
[EventCountry "ENG"]

1. e4 c6 2. Nf3 d5 3. Nc3 Nf6 4. e5 Ne4 5. Ne2 Qb6 6. d4 c5 7. Ng3 e6 8. Bd3
Nc6 9. Bxe4 dxe4 10. dxc5 Qb4+ 11. c3 Qc4 12. Nd2 Qxc5 13. Ndxe4 Qxe5 14. O-O
Be7 15. f4 Qd5 16. Qe2 O-O 17. c4 Qd8 18. b3 f5 19. Rd1 Qb6+ 20. Be3 Qc7 21.
Nc3 Qa5 22. Rac1 e5 23. Rd5 Qc7 24. Rd2 e4 25. Nd5 Qb8 26. Nxe7+ Nxe7 27. Bc5
Qc7 28. Bd6 Qd8 29. Rcd1 Qe8 30. Qe3 Be6 31. Ne2 Rf7 32. Nc3 a6 33. Na4 Nc6 34.
Qb6 Rd8 35. Nc5 Bc8 36. Be5 Rxd2 37. Rxd2 h6 38. Bb2 Kh7 39. b4 Qe7 40. Nxa6 e3
41. Re2 Qe4 42. Qxe3 Qxe3+ 43. Rxe3 bxa6 44. b5 axb5 45. cxb5 Nb4 46. a4 Rd7
47. h4 Rd1+ 48. Kh2 Nd3 49. Bc3 Nf2 50. Re1 Rd3 51. Bb2 Bb7 52. Kg1 Ng4 53. Kf1
Rd2 54. Re2 Rd1+ 55. Re1 Bxg2+ 56. Ke2 Bf3+ 57. Kf1 Rd2 0-1

[Event "Mindsports Masters IM A 2nd"]
[Site "London"]
[Date "2023.02.16"]
[Round "2.5"]
[White "Khandelwal, Ankush"]
[Black "Fitzsimons, David"]
[Result "1-0"]
[WhiteElo "2209"]
[BlackElo "2342"]
[PlyCount "97"]
[EventDate "2023.02.15"]
[EventType "tourn"]
[EventRounds "9"]
[EventCountry "ENG"]

1. e4 e6 2. d4 d5 3. exd5 exd5 4. Nf3 Nf6 5. Bd3 Bd6 6. O-O O-O 7. Bg5 Bg4 8.
Nbd2 Nbd7 9. c4 c6 10. c5 Bc7 11. b4 Re8 12. Qc2 h6 13. Bh4 Nf8 14. Rfe1 Rxe1+
15. Rxe1 Ne6 16. Bh7+ Kf8 17. Bf5 Bxf5 18. Qxf5 g5 19. Bg3 Bxg3 20. fxg3 Kg7
21. g4 Qc7 22. g3 Ng8 23. Nb3 Ne7 24. Qd3 Ng6 25. Nbd2 a5 26. b5 b6 27. cxb6
Qxb6 28. bxc6 Qxc6 29. Nf1 Rc8 30. Ne3 Qc3 31. Qd1 Qa3 32. Nxd5 Qxa2 33. Ne3
Qb2 34. d5 Nef8 35. d6 Rd8 36. Nf5+ Kh7 37. Qd5 Qb6+ 38. Kg2 Ne6 39. Rxe6 fxe6
40. Qxe6 Qb7 41. Ne7 Qb2+ 42. Kh3 Qg7 43. Nxg6 a4 44. Ne7 a3 45. Qf5+ Kh8 46.
Ne5 a2 47. Nf7+ Qxf7 48. Qxf7 a1=Q 49. Ng6# 1-0

[Event "Mindsports Masters IM A 2nd"]
[Site "London"]
[Date "2023.02.16"]
[Round "3.1"]
[White "Fitzsimons, David"]
[Black "Makkar, Rajat"]
[Result "0-1"]
[WhiteElo "2342"]
[BlackElo "2426"]
[PlyCount "104"]
[EventDate "2023.02.15"]
[EventType "tourn"]
[EventRounds "9"]
[EventCountry "ENG"]

1. e4 e5 2. Nf3 Nc6 3. Bc4 Bc5 4. O-O Nf6 5. d3 d6 6. c3 a5 7. Re1 O-O 8. h3
Ba7 9. Nbd2 Be6 10. Bb5 Ne7 11. d4 Ng6 12. Nf1 exd4 13. cxd4 d5 14. e5 Ne4 15.
Ng3 Nh4 16. Nxe4 dxe4 17. Nxh4 Qxh4 18. Be3 Rad8 19. Qa4 c6 20. Bf1 Rd5 21.
Rad1 f5 22. exf6 Qxf6 23. Bc4 b5 24. Qxa5 bxc4 25. Qxa7 Rh5 26. Qa6 Bxh3 27.
gxh3 Rxh3 28. Qxc4+ Rf7 29. Qf1 Qh4 30. Qg2 Rf6 31. Kf1 Rg6 32. Qxg6 hxg6 33.
Ke2 g5 34. Rg1 g4 35. Rg2 Qh5 36. Kd2 Qa5+ 37. Kc1 Qxa2 38. Rxg4 Rh5 39. Rdg1
Rb5 40. Rxg7+ Kf8 41. Rg8+ Qxg8 42. Rxg8+ Kxg8 43. Kc2 Kf7 44. Kc3 Ke6 45. b3
Kf5 46. Kc4 Kg4 47. b4 Kf3 48. Kc3 Ke2 49. Kc4 Rf5 50. Kb3 Kd3 51. Ka3 Kc4 52.
Ka4 Rb5 0-1

[Event "Mindsports Masters IM A 2nd"]
[Site "London"]
[Date "2023.02.16"]
[Round "3.2"]
[White "Onslow, Alfie"]
[Black "Khandelwal, Ankush"]
[Result "1/2-1/2"]
[WhiteElo "2171"]
[BlackElo "2209"]
[PlyCount "93"]
[EventDate "2023.02.15"]
[EventType "tourn"]
[EventRounds "9"]
[EventCountry "ENG"]

1. e4 c5 2. Nf3 d6 3. d4 cxd4 4. Nxd4 Nf6 5. Nc3 a6 6. Bg5 e6 7. f4 Qb6 8. Qd2
Nc6 9. Nxc6 bxc6 10. Bd3 d5 11. e5 Nd7 12. Na4 Qd4 13. c4 Rb8 14. O-O-O h6 15.
Bh4 Nxe5 16. Be2 Qxd2+ 17. Rxd2 Ng6 18. Bg3 Bd6 19. Rf1 Ne7 20. Bd3 O-O 21. Bh4
f6 22. Re2 g5 23. Bg3 Bxf4+ 24. Bxf4 gxf4 25. Rxf4 e5 26. Rf1 e4 27. Bc2 f5 28.
Rd2 a5 29. Nc5 dxc4 30. Ba4 Nd5 31. Bxc6 Nb4 32. Bd5+ Nxd5 33. Rxd5 Rb5 34. a4
Rb6 35. Nxe4 fxe4 36. Rxf8+ Kxf8 37. Rd8+ Kf7 38. Rxc8 Rb4 39. Rc6 Rxa4 40.
Rxh6 e3 41. Kd1 Ra2 42. Rh3 Rxb2 43. Rxe3 Rxg2 44. Re5 a4 45. Ra5 Ra2 46. Kc1
c3 47. Rc5 1/2-1/2

[Event "Mindsports Masters IM A 2nd"]
[Site "London"]
[Date "2023.02.16"]
[Round "3.3"]
[White "Wadsworth, Matthew J"]
[Black "Willems, Niels"]
[Result "0-1"]
[WhiteElo "2469"]
[BlackElo "2311"]
[PlyCount "112"]
[EventDate "2023.02.15"]
[EventType "tourn"]
[EventRounds "9"]
[EventCountry "ENG"]

1. c4 e5 2. Nf3 Nc6 3. Nc3 Nf6 4. e4 Bc5 5. Nxe5 Nxe5 6. d4 Bb4 7. dxe5 Nxe4 8.
Qf3 Nxc3 9. bxc3 Ba5 10. Bf4 O-O 11. O-O-O Qe7 12. Kb2 Rb8 13. Qe3 b6 14. Bd3
Ba6 15. h4 Qe6 16. Qe4 f5 17. Qd5 b5 18. Qxe6+ dxe6 19. c5 Bb7 20. Be2 Bxg2 21.
Rhg1 Bd5 22. h5 c6 23. h6 g6 24. Bg5 Rb7 25. f4 Kf7 26. Bh4 Bc7 27. Rd2 a6 28.
Rdd1 Bb8 29. Rd2 Ba7 30. Bf2 Rd7 31. Rgd1 Rg8 32. Be3 Bb8 33. Rg1 Bc7 34. Kc1
Ba5 35. Kb2 Bd8 36. Kc1 Be7 37. Kb2 Rgd8 38. Rgd1 Bf8 39. c4 bxc4 40. Bxc4 Rb7+
41. Ka1 Rb4 42. Bxa6 Ra8 43. Bd3 Rba4 44. Bb1 Bxh6 45. Rd4 Ra3 46. R4d3 R3a5
47. R1d2 Bg7 48. Bd4 Ra4 49. Kb2 Rb8+ 50. Kc1 Bh6 51. Bc2 Rxa2 52. Rf2 Rb4 53.
Rh3 Rxd4 54. Rxh6 Kg8 55. Rfh2 Rc4 56. Kb1 Raxc2 0-1

[Event "Mindsports Masters IM A 2nd"]
[Site "London"]
[Date "2023.02.16"]
[Round "3.4"]
[White "Willow, Jonah B"]
[Black "Stoica, Savas Marin"]
[Result "1-0"]
[WhiteElo "2437"]
[BlackElo "2151"]
[PlyCount "71"]
[EventDate "2023.02.15"]
[EventType "tourn"]
[EventRounds "9"]
[EventCountry "ENG"]

1. e4 e6 2. d4 d5 3. Nc3 Bb4 4. exd5 exd5 5. Bd3 Nf6 6. Qf3 c5 7. Nge2 O-O 8.
Bg5 cxd4 9. Nxd4 Nc6 10. Bxf6 Qxf6 11. Qxf6 gxf6 12. a3 Bxc3+ 13. bxc3 Bd7 14.
Kd2 Rac8 15. Rab1 Na5 16. Rb4 b6 17. Re1 Rc7 18. Re3 Rfc8 19. Ne2 Nc4+ 20. Bxc4
dxc4 21. Re4 Rc5 22. Rd4 Be6 23. Ng3 f5 24. Nh5 Kf8 25. Nf4 Ke7 26. Rb1 Ra5 27.
Ra1 Rcc5 28. Ne2 Ra4 29. Rh4 Rd5+ 30. Nd4 b5 31. Kc1 Kf6 32. Rxh7 b4 33. Nxe6
Re5 34. Rh6+ Ke7 35. Nd4 Re1+ 36. Kb2 1-0

[Event "Mindsports Masters IM A 2nd"]
[Site "London"]
[Date "2023.02.16"]
[Round "3.5"]
[White "Derakhshani, Borna"]
[Black "Johnson, Daniel"]
[Result "1-0"]
[WhiteElo "2380"]
[BlackElo "2189"]
[PlyCount "81"]
[EventDate "2023.02.15"]
[EventType "tourn"]
[EventRounds "9"]
[EventCountry "ENG"]

1. Nf3 d5 2. e3 Nf6 3. c4 e6 4. Nc3 b6 5. b3 Bb7 6. Bb2 Nbd7 7. cxd5 exd5 8. d4
Bd6 9. Bd3 a6 10. Qc2 Qe7 11. O-O O-O 12. Ne2 Ne4 13. Ng3 f5 14. Rac1 c6 15.
Rfe1 g5 16. Nd2 g4 17. Ndf1 Qh4 18. f3 Nxg3 19. hxg3 Bxg3 20. Nxg3 Qxg3 21. Rf1
Qh4 22. Bxf5 g3 23. Bh3 Nf6 24. Ba3 Rfe8 25. Bd6 Bc8 26. Be5 c5 27. Qd2 Bxh3
28. gxh3 Nd7 29. f4 Qxh3 30. Qg2 Qxg2+ 31. Kxg2 Nxe5 32. dxe5 Kf7 33. Rh1 Kg7
34. Rh3 Re6 35. Rch1 h6 36. Rxg3+ Kf7 37. Kf3 Rg8 38. Rxg8 Kxg8 39. Rd1 c4 40.
Rxd5 c3 41. Rd8+ 1-0

[Event "Mindsports Masters IM A 2nd"]
[Site "London"]
[Date "2023.02.17"]
[Round "4.1"]
[White "Makkar, Rajat"]
[Black "Johnson, Daniel"]
[Result "1/2-1/2"]
[WhiteElo "2426"]
[BlackElo "2189"]
[PlyCount "65"]
[EventDate "2023.02.15"]
[EventType "tourn"]
[EventRounds "9"]
[EventCountry "ENG"]

1. c4 e6 2. g3 d5 3. Bg2 Nf6 4. Nf3 d4 5. e3 c5 6. exd4 cxd4 7. d3 Nc6 8. O-O
h6 9. Bf4 Bd6 10. Bxd6 Qxd6 11. Nbd2 O-O 12. Rc1 Rd8 13. Re1 Qe7 14. a3 a5 15.
Ne5 Nxe5 16. Rxe5 Qc7 17. Rb5 Ra7 18. Qb3 a4 19. Qb4 Bd7 20. Rc5 Bc6 21. Ne4
Nd7 22. Rh5 Ne5 23. Qd2 f5 24. f4 Ng4 25. Nf2 Bxg2 26. Kxg2 Qc6+ 27. Kf1 Qf3
28. Qe2 Ne3+ 29. Ke1 Qc6 30. Nd1 Ng4 31. Nf2 Ne3 32. Nd1 Ng4 33. Nf2 1/2-1/2

[Event "Mindsports Masters IM A 2nd"]
[Site "London"]
[Date "2023.02.17"]
[Round "4.2"]
[White "Stoica, Savas Marin"]
[Black "Derakhshani, Borna"]
[Result "0-1"]
[WhiteElo "2151"]
[BlackElo "2380"]
[PlyCount "78"]
[EventDate "2023.02.15"]
[EventType "tourn"]
[EventRounds "9"]
[EventCountry "ENG"]

1. d4 d5 2. c4 c6 3. Nf3 Nf6 4. g3 g6 5. Bg2 dxc4 6. a4 Bg7 7. O-O Ne4 8. Qc2
Nd6 9. Nbd2 Na6 10. a5 O-O 11. Rd1 b5 12. Ne5 Nb4 13. Qc3 Nd5 14. Qa3 Bd7 15.
Nxd7 Qxd7 16. e4 Nc7 17. Nf1 a6 18. Be3 Rac8 19. h4 Rfd8 20. f3 Nb7 21. Rd2 e6
22. g4 Bf8 23. Qc3 Qe7 24. Bg5 f6 25. Bf4 Qb4 26. g5 Qxc3 27. bxc3 f5 28. Ne3
Bd6 29. Bxd6 Nxd6 30. Re1 Nb7 31. d5 cxd5 32. exd5 Nxd5 33. Nxd5 Rxd5 34. Rxd5
exd5 35. f4 Rd8 36. Re6 Nxa5 37. Rxa6 Nb3 38. Rb6 d4 39. cxd4 Nxd4 0-1

[Event "Mindsports Masters IM A 2nd"]
[Site "London"]
[Date "2023.02.17"]
[Round "4.3"]
[White "Willems, Niels"]
[Black "Willow, Jonah B"]
[Result "0-1"]
[WhiteElo "2311"]
[BlackElo "2437"]
[PlyCount "102"]
[EventDate "2023.02.15"]
[EventType "tourn"]
[EventRounds "9"]
[EventCountry "ENG"]

1. e4 c5 2. Nf3 e6 3. b3 a6 4. Bb2 Nc6 5. c4 h5 6. h3 b6 7. g3 Bb7 8. Bg2 Qc7
9. O-O f6 10. Nc3 Bd6 11. Rc1 Nge7 12. a3 Ng6 13. Ne2 h4 14. g4 Nf4 15. Nxf4
Bxf4 16. Rc2 e5 17. Ne1 Nd8 18. Nd3 Ne6 19. Qe2 Bc6 20. b4 Ba4 21. Rcc1 Qd6 22.
Bc3 O-O 23. Nb2 Bc6 24. Ra1 Bg5 25. Nd3 Ba4 26. Rfc1 Rfc8 27. Kh1 cxb4 28. axb4
Bb3 29. c5 bxc5 30. bxc5 Nxc5 31. Nxc5 Rxc5 32. Bf1 Bc4 33. Qxc4+ Rxc4 34.
Bxc4+ Kh7 35. Bd5 Rc8 36. Kg2 Rc5 37. Rcb1 Rxd5 38. exd5 Qxd5+ 39. f3 e4 40.
Rf1 Qd6 41. Kf2 Qg3+ 42. Ke2 Qg2+ 43. Rf2 exf3+ 44. Ke1 Qxh3 45. Kd1 Qg3 46.
Rf1 Qxg4 47. Kc2 h3 48. Rf2 Bh4 49. Rh2 Bg3 50. Rhh1 f2 51. Kb2 Qf5 0-1

[Event "Mindsports Masters IM A 2nd"]
[Site "London"]
[Date "2023.02.17"]
[Round "4.4"]
[White "Khandelwal, Ankush"]
[Black "Wadsworth, Matthew J"]
[Result "1/2-1/2"]
[WhiteElo "2209"]
[BlackElo "2469"]
[PlyCount "98"]
[EventDate "2023.02.15"]
[EventType "tourn"]
[EventRounds "9"]
[EventCountry "ENG"]

1. e4 e6 2. d4 d5 3. exd5 exd5 4. Nf3 Nc6 5. Bd3 Nb4 6. Be2 Bf5 7. Na3 Nf6 8.
O-O Be7 9. c3 Nc6 10. Nc2 O-O 11. Ne3 Bg6 12. Ne5 Bd6 13. Nxg6 hxg6 14. g3 Ne7
15. Ng4 Nxg4 16. Bxg4 c6 17. Bg5 f6 18. Be6+ Kh7 19. Qg4 Ng8 20. Bd2 Nh6 21.
Qh3 f5 22. c4 dxc4 23. Bxc4 Qf6 24. Rad1 Rad8 25. Rfe1 Rfe8 26. Bb3 Rxe1+ 27.
Rxe1 Qxd4 28. Bc3 Qg4 29. Qg2 Bc5 30. h3 Qg5 31. Qf3 Bd4 32. Bxd4 Rxd4 33. Qc3
Qd2 34. Re7 Qxc3 35. bxc3 Rd3 36. Rxb7 Rxc3 37. Rxa7 Ng8 38. Be6 Nf6 39. a4 Ne4
40. a5 Rc1+ 41. Kg2 Rc2 42. a6 Rxf2+ 43. Kg1 Rf3 44. Ra8 Rxg3+ 45. Kh2 Ra3 46.
a7 Nc3 47. h4 Nb5 48. Bg8+ Kh8 49. Bf7+ Kh7 1/2-1/2

[Event "Mindsports Masters IM A 2nd"]
[Site "London"]
[Date "2023.02.17"]
[Round "4.5"]
[White "Fitzsimons, David"]
[Black "Onslow, Alfie"]
[Result "1-0"]
[WhiteElo "2342"]
[BlackElo "2171"]
[PlyCount "83"]
[EventDate "2023.02.15"]
[EventType "tourn"]
[EventRounds "9"]
[EventCountry "ENG"]

1. e4 c6 2. d4 d5 3. exd5 cxd5 4. Bd3 Nc6 5. c3 Qc7 6. h3 g6 7. Ne2 Bg7 8. Bf4
Qb6 9. Qb3 Qxb3 10. axb3 f6 11. Na3 Kf7 12. Nb5 Be6 13. O-O a6 14. Nc7 Rd8 15.
Bh2 Bf5 16. Bxf5 gxf5 17. Rfd1 Nh6 18. c4 dxc4 19. bxc4 Rd7 20. b3 e6 21. Nxe6
Kxe6 22. d5+ Ke7 23. dxc6 Rxd1+ 24. Rxd1 bxc6 25. Rd6 Rd8 26. Rxd8 Kxd8 27. Nd4
Kd7 28. Bf4 c5 29. Bxh6 Bxh6 30. Nxf5 Bc1 31. Kf1 Kc6 32. Ke2 Kb6 33. Ne7 Bb2
34. Nd5+ Ka5 35. Kd3 Bd4 36. f4 Bb2 37. g4 h6 38. Ke4 Ba1 39. h4 Bb2 40. h5 Ba1
41. Kf5 Bd4 42. Kg6 1-0

[Event "Mindsports Masters IM A 2nd"]
[Site "London"]
[Date "2023.02.17"]
[Round "5.1"]
[White "Onslow, Alfie"]
[Black "Makkar, Rajat"]
[Result "0-1"]
[WhiteElo "2171"]
[BlackElo "2426"]
[PlyCount "98"]
[EventDate "2023.02.15"]
[EventType "tourn"]
[EventRounds "9"]
[EventCountry "ENG"]

1. e4 c5 2. Nf3 Nc6 3. Bb5 g6 4. O-O Bg7 5. c3 e5 6. d4 exd4 7. cxd4 cxd4 8.
Bf4 Nge7 9. Bd6 O-O 10. a4 b6 11. Re1 Bb7 12. Bc4 Rc8 13. Nbd2 Na5 14. Ba2 Ba6
15. b4 Nc4 16. Bxc4 Bxc4 17. Rc1 Ba6 18. Rxc8 Bxc8 19. Qb3 Bb7 20. Nc4 Re8 21.
Nce5 Bd5 22. Qc2 Be6 23. Nxd4 Nc8 24. Bc7 Qe7 25. Nxe6 fxe6 26. Nd3 Nd6 27.
Bxd6 Qxd6 28. Qc4 Qc6 29. Qxc6 dxc6 30. g3 Rd8 31. Nf4 Rd4 32. Rc1 e5 33. Ne6
Rd6 34. Nxg7 Kxg7 35. Rc4 g5 36. h3 h5 37. f3 h4 38. gxh4 gxh4 39. f4 Kf6 40.
fxe5+ Kxe5 41. Kf2 Rd4 42. Rxc6 Rxb4 43. a5 Kxe4 44. axb6 axb6 45. Re6+ Kd3 46.
Rc6 b5 47. Kf3 Rc4 48. Rd6+ Kc2 49. Rb6 b4 0-1